000 00946nam0a2200289 4500
001 RU\NLR\bibl\1851239
005 20260406064421.0
010 _a978-5-17-03230-2
_bАСТ
010 _a978-5-271-34496-1
_bАстрель
010 _a978-5-4215-2459-5
_bПолиграфист
_97000
021 _aRU
_b2011-96516
_96917
035 _a(NLR Aleph) 001841185
090 _a2274406
_c2274406
100 _a20111221d2011 |||y0rusy50 ca
101 0 _arus
102 _aRU
105 _ay |||||||||
200 1 _aКулак обезьяны
_eроман
_fГалина Куликова
210 _aМосква
_cАСТ [и др.]
_d2011
215 _a317 с.
_d17
700 1 _4070
_7ca
_8rus
_aКуликова
_bГ. М.
_cписатель
_f1962-
_gГалина Михайловна
_97010
_3RU\NLR\auth\7723957
801 0 _aRU
_bNLR
_c20111221
_gRCR
801 1 _aRU
_bNLR
_c20111221
942 _cBOOK
980 _aNB
980 _aNBR